Statistiken für Potenzrechnen: schwer

Klicken Sie hier um das Quiz zu spielen!

Allgemein

  • Dieses Quiz wurde 190 mal gespielt
  • Das Durchschnittsergebnis liegt bei 8 aus 10

Antwortstatistiken

ZahlErgebnis% Korrekt
0
100%
0
100%
10⁰1
100%
4⁰1
100%
5⁰1
100%
9⁰1
100%
1
100%
1⁰1
100%
1
100%
1
100%
10¹10
100%
10²100
100%
10⁴10000
100%
4⁵1024
100%
125
100%
2⁴16
100%
16
100%
2
100%
3
100%
2⁵32
100%
36
100%
4
100%
4
100%
49
100%
5
100%
7
100%
8
100%
8
100%
3⁴81
100%
81
100%
9
100%
0
95%
6
94%
64
94%
6⁰1
93%
10³1000
93%
10⁵100000
93%
9
93%
27
92%
2⁰1
91%
5⁴625
91%
2⁸256
90%
25
89%
3⁰1
88%
64
88%
3⁶729
88%
512
86%
4⁴256
85%
7⁰1
83%
3⁵243
82%
2⁶64
80%
2¹¹2048
78%
8⁰1
75%
2⁷128
75%
216
75%
2⁹512
75%
729
75%
2¹³8192
75%
5⁵3125
73%
2¹²4096
70%
8⁴4096
70%
9⁴6561
70%
2¹⁰1024
67%
2¹⁵32768
67%
343
67%
5⁶15625
57%
3⁷2187
56%
4⁶4096
55%
3⁸6561
55%
6⁴1296
50%
3¹⁰59049
47%
7⁴2401
46%
2¹⁴16384
45%
8⁵32768
45%
3⁹19683
43%
7⁵16807
38%
4⁷16384
33%
6⁵7776
27%
5⁷78125
27%
9⁵59049
17%

Verteilung der Resultate

Perzentil nach korrekt beantworteten Fragen

Anzahl Personen mit jedem Resultat

Ihre Resultats-Entwicklung

Sie haben dieses Quiz noch nicht gespielt